C C Chatterjee's Human Physiology (Record no. 10454)
[ view plain ]
| 000 -LEADER | |
|---|---|
| fixed length control field | 00423nam a22001577a 4500 |
| 003 - CONTROL NUMBER IDENTIFIER | |
| control field | OSt |
| 008 - FIXED-LENGTH DATA ELEMENTS--GENERAL INFORMATION | |
| fixed length control field | 210213b ||||| |||| 00| 0 eng d |
| 022 ## - INTERNATIONAL STANDARD SERIAL NUMBER | |
| International Standard Serial Number | 9789388902724 |
| 100 ## - MAIN ENTRY--PERSONAL NAME | |
| Personal name | John, Nitin Ashok. |
| 245 ## - TITLE STATEMENT | |
| Title | C C Chatterjee's Human Physiology |
| 250 ## - EDITION STATEMENT | |
| Edition statement | 13nd 2020. |
| 260 ## - PUBLICATION, DISTRIBUTION, ETC. (IMPRINT) | |
| Place of publication, distribution, etc | New Delhi |
| Name of publisher, distributor, etc | CBS Publishers & Distributors |
| Date of publication, distribution, etc | 2020 |
| 300 ## - PHYSICAL DESCRIPTION | |
| Extent | 1150 |
| 650 ## - SUBJECT ADDED ENTRY--TOPICAL TERM | |
| Topical term or geographic name as entry element | Human Anatomy and Physiology |
| 942 ## - ADDED ENTRY ELEMENTS (KOHA) | |
| Source of classification or shelving scheme | Dewey Decimal Classification |
| Koha item type | Text Books |
| 942 ## - ADDED ENTRY ELEMENTS (KOHA) | |
| -- | 1 |
| Withdrawn status | Lost status | Source of classification or shelving scheme | Damaged status | Not for loan | Collection code | Home library | Current library | Date acquired | Source of acquisition | Currency | Cost, normal purchase price | Bill Number | Total Checkouts | Full call number | Acc. no. / Barcode | Date last seen | Date last borrowed | Actual Cost, discounted price | Bill Date | Koha item type |
|---|---|---|---|---|---|---|---|---|---|---|---|---|---|---|---|---|---|---|---|---|
| Dewey Decimal Classification | B.Pharma | PIET C-LIBRARY | PIET C-LIBRARY | 07/01/2020 | Kirti Praskshan | IN Rupees | 695.00 | IN5980 | 1 | 612 JOH | BP261 | 02/04/2021 | 22/03/2021 | 451.78 | 07/01/2020 | Text Books | ||||
| Dewey Decimal Classification | B.Pharma | PIET C-LIBRARY | PIET C-LIBRARY | 07/01/2020 | Kirti Praskshan | IN Rupees | 695.00 | IN5980 | 612 JOH | BP262 | 13/02/2021 | 451.78 | 07/01/2020 | Text Books | ||||||
| Dewey Decimal Classification | B.Pharma | PIET C-LIBRARY | PIET C-LIBRARY | 07/01/2020 | Kirti Praskshan | IN Rupees | 695.00 | IN5980 | 2 | 612 JOH | BP263 | 12/01/2024 | 29/12/2023 | 451.78 | 07/01/2020 | Text Books |